Central Library OPAC University of Rajshahi

The exceptional individual: psychological and educational aspects / (Record no. 29488)

MARC details
000 -LEADER
fixed length control field 00842cam a22002651 4500
001 - CONTROL NUMBER
control field 29488
003 - CONTROL NUMBER IDENTIFIER
rucl marc code BD-RjUL
005 - DATE AND TIME OF LATEST TRANSACTION
control field 20211209051423.0
008 - FIXED-LENGTH DATA ELEMENTS--GENERAL INFORMATION
fixed length control field 140403s1967 nju b 000 0 eng
035 ## - SYSTEM CONTROL NUMBER
System control number (BD-RjUL)29573
040 ## - CATALOGING SOURCE
Original cataloging agency DLC
Transcribing agency DLC
Modifying agency DLC
-- BD-RjUL
Language of cataloging eng
041 ## - LANGUAGE CODE
Language code of text/sound track or separate title eng
082 00 - DEWEY DECIMAL CLASSIFICATION NUMBER
Classification number 371.9
Author mark and year TEE 1967
100 1# - MAIN ENTRY--PERSONAL NAME
Personal name Telford, Charles W.
9 (RLIN) 89891
245 14 - TITLE STATEMENT
Title The exceptional individual: psychological and educational aspects /
Statement of responsibility, etc. by Charles W. Telford and James M. Sawrey.
260 ## - PUBLICATION, DISTRIBUTION, ETC. (IMPRINT)
Place of publication, distribution, etc. Englewood Cliffs, N.J. :
Name of publisher, distributor, etc. Prentice-Hall,
Date of publication, distribution, etc. c1967.
300 ## - PHYSICAL DESCRIPTION
Pagination x, 482 p. ;
Size 24 cm.
490 0# - SERIES STATEMENT
Series statement Prentice-Hall psychology series
504 ## - BIBLIOGRAPHY, ETC. NOTE
Bibliography, etc Includes bibliographies.
650 #0 - SUBJECT ADDED ENTRY--TOPICAL TERM
Topical term or geographic name as entry element Special education.
9 (RLIN) 89892
700 1# - ADDED ENTRY--PERSONAL NAME
Personal name Sawrey, James M.,
Relator term joint author.
942 ## - ADDED ENTRY ELEMENTS (KOHA)
Source of classification or shelving scheme Dewey Decimal Classification
Koha item type Books
Holdings
Lost status Source of classification or shelving scheme Damaged status Not for loan Permanent Location Current Location Shelving location Date acquired Source of acquisition Cost, normal purchase price Total Checkouts Full call number Date last seen Copy number Koha item type
  Dewey Decimal Classification   Added to bundle Central Library, University of Rajshahi Central Library, University of Rajshahi Reading Room 06/08/1971 Zeitlinger 89.00   371.9 TEE 1967 03/04/2014 C-1 Books